| 000 | 00807nam a22002297a 4500 | ||
|---|---|---|---|
| 003 | AR-RoUNCS | ||
| 005 | 20260505160955.0 | ||
| 007 | ta | ||
| 008 | 260414s2012 ag ||||r|||| 00| 1 spa d | ||
| 020 | _a98720874458 | ||
| 040 |
_cAR-RoUNCS _aAR-RoUNCS _bspa |
||
| 041 | 1 |
_aspa _heng |
|
| 080 | _082-32(410.1) | ||
| 100 | 0 |
_aDickens, Charles, _d1812-1870 _eautor |
|
| 245 | 1 | 0 |
_aCuento de navidad : _bcuento navideño de fantasmas / _cCharles Dickens. |
| 260 |
_aBuenos Aires : _bTerramar, _ci2012. |
||
| 300 |
_a116 p. ; _c18 cm. |
||
| 505 | 0 | _aPrefacio -- Personajes -- El espectro de Marley -- El primero de los tres espíritus -- El segundo de los tres espectros -- El último espectro -- El final de todo.- | |
| 650 | 7 |
_2embne _aLiteratura inglesa |
|
| 655 | 7 |
_aNovela corta _2embne |
|
| 942 |
_2udc _cOG _n0 |
||
| 999 |
_c986 _d986 |
||